Una alegoría anarco-barroca para este lamentable comienzo de siglo /

Presentación de la novela de Diamela Eltit. Impuesto a la carne, Santiago de Chile, editorial Planeta, 2010.

Detalles Bibliográficos
Otros Autores: Richards, Nelly
Formato: Analitica de revista
Lenguaje:español
Publicado: Santiago, Chile Palinodia 2010

MARC

LEADER 00000cab a2200000 a 4500
001 035841
003 UAHC_CL
005 20180731142654.0
008 080827s2005 gt 000 spa
952 |0 0  |1 0  |4 0  |6 PAPEL_MAQUINA05_10_000000000000000  |7 0  |8 General  |9 68290  |a BC  |b BC  |c General  |d 2017-08-03  |l 0  |o PAPEL MAQUINA-05/10  |p FICTICIO4486  |r 2019-01-08 00:00:00  |t 1  |w 2017-08-03  |y REVA 
952 |0 0  |1 0  |4 0  |6 PAPEL_MAQUINA05_10_000000000000000  |7 0  |8 General  |9 68291  |a BC  |b BC  |c General  |d 2017-08-03  |l 0  |o PAPEL MAQUINA-05/10  |p FICTICIO4487  |r 2019-01-08 00:00:00  |t 2  |w 2017-08-03  |y REVA 
999 |c 35841  |d 35841 
040 |a UAHC_CL  |c UAHC_CL  |d UAHC_CL 
245 1 4 |a Una alegoría anarco-barroca para este lamentable comienzo de siglo /  |c Nelly Richads. 
260 |c 2010  |a Santiago, Chile  |b Palinodia 
300 |a v. 
500 |a En: Papel Máquina. Año 2, no. 05, segundo semestre 2010. pp. 47-53. 
520 |a Presentación de la novela de Diamela Eltit. Impuesto a la carne, Santiago de Chile, editorial Planeta, 2010. 
700 1 |a Richards, Nelly 
773 0 |t Papel máquina  |w 035840 
900 |a PAPEL MAQUINA-05/10 
942 |c REVA  |2 ddc